Statistiques concernant La II° République et le second Empire (1848-70)

Cliquez ici pour prendre le quiz!

Statistiques générales

  • Ce quiz a été pris 194 fois
    (181 depuis la dernière actualisation)
  • Le résultat moyen est 10 sur 63

Statistiques - réponses

QuestionRéponse% Correct
Personne qui remporte les élections présidentielle de décembre 1848Louis Napoléon Bonaparte
68%
Année des trois glorieuses1830
65%
Nom du dirigeant de ce régimeLouis-Philippe
59%
Régime en place de 1830 jusqu'en 1848Monarchie de juillet
58%
Ecrivain / poète / homme politique... qui s'oppose au nouvel empereur dans sa célèbre œuvre "Les Chatiments"Victor Hugo
44%
Date du coup d'Etat de LNB (jour+mois+année), en lien avec le sacre de son oncle2 décembre 1851
36%
Régime politique mis en place par la suite (en toutes lettres)...Deuxième République
36%
Partis composant l'opposition libéraleRépublicains / Monarchistes / Royalistes
33%
Nouveau suffrage mis en place cette même annéeSuffrage universel masculin
29%
Ce a quoi cet homme est condamné, comme un grand nombre d'opposantsexil
27%
Courant de pensée, revendiqué par le drapeau rouge, basé sur l'égalitéSocialisme
24%
Date de la révolution ayant lieu à Paris (mois+année)février 1848
23%
Célèbre écrivaine qui part à Paris pour s'engager en politiqueGeorge Sand
23%
Année quand Louis-Napoléon Bonaparte écrit "l'extinction du paupérisme"1844
21%
Loi révolutionnaire, la plus célèbre, fondatrice d'une plus grande égalité, par Victor Schoelcher, sous-secrétaire d'étatAbolition de l'esclavage
21%
... proclamé par un hommeAlphonse de Lamartine
21%
Ce que souhaite changer le président en 1851, à la fin de son mandat, afin de pouvoir se représenter (ce qui n'est pas accepté par l'Assemblée, pourtant en majorité de son parti)La Constitution
21%
Parti ayant remporté les élections législatives de 1849Parti de l'Ordre
21%
Nouveau symbole de la République française adopté (2 réponses possibles)Marianne / Liberté Égalité Fraternité / Devise
20%
Année(s) d'un grand projet de prestige : l'exposition universelle1855 / 1867
18%
Année de l'entrevue de Plombières dans laquelle LNB rencontre Cavour (1er ministre du royaume de Piemont-Sardaigne)1858
15%
Nom du dirigeant du parti des monarchistesAdolpheThiers
15%
Baron qui aide à la modernisation de Paris entre les années 1853 - 1870Baron Haussmann / Haussmann
15%
Poème satirique présent dans l'œuvre, critiquant ouvertement NapoléonNapoléon le petit
15%
Date des élections législatives (mois+année)avril 1848
14%
Nom donné au fait que l'assemblée envoie l'armée pour mater le soulèvementRépression
14%
Année pendant laquelle Napoléon fait adopter une/des loi(s) sur le droit de grève en raison de la montée de l'esprit libéral jusque même son propre parti1864
12%
Canal qui est percé entre 1859 - 1869Canal de Suez / Suez
12%
Courant de pensée , opposé à celui-ci, revendiqué par le drapeau tricolore, basé sur la libertéLibéralisme
12%
Année pendant laquelle Napoléon fait adopter une/des loi(s) remettant la liberté de la presse et le droit de réunion pour la même raison1868
11%
Son utilisation permet la diminution voire la suppression totale de la Liberté de la presseCensure
11%
Nom de la guerre se déroulant de 1854 à 1856 dans laquelle la France, le Royaume-Uni, l'empire ottoman et le royaume de Piemont-Sardaigne déclarent la guerre à la RussieGuerre de Crimée / Crimée
11%
Ce à quoi aboutissent les mesures contre le peuple prises par l'AssembléeJournées de juin
11%
Évènement révolutionnaire au niveau européen la même annéePrintemps des peuples
11%
Année des de deux victoires militaires (Magenta et Solferino) contre l'Autriche1859
9%
Régime mis en place par Napoléon III qui est autoritaire et fondé sur la souveraineté nationale par le biais du suffrage universelBonapartisme
9%
Date quand la nouvelle constitution est mise en place (jour+mois+année), créant une dictature ayant l'apparence d'une démocratie14 janvier 1852
8%
Date de ce soulèvement (jour-jour+mois+année)22-26 juin 1848
8%
Régions qui vont devenir des colonies au fil des années 50Algérie / Nouvelle-Calédonie / Afrique de l'ouest / partie de l'Indochine
8%
Nom donné au climat d'euphorie qui en résulte (février-juin)esprit de 1848
8%
Remportées de loin par un groupe politiqueLes Républicains modérés
8%
Date de l'attentat d'Orsini, qui échoue à tuer Napoléon, et qui lui permet de durcir la loi14 janvier 1858
6%
Date quand la nouvelle constitution est adoptée (jour+mois+année)4 novembre 1848
6%
Nom donnés aux candidats soutenus par le gouvernement et ainsi favorisés lors des élections (affiche blanche, facilement reconnaissable), permettant donc a Napoléon III de garder le dessus sur ces électionsCandidats officiels
6%
Diminution voire suppression de barrières douanières pour augmenter les échangesLibre-échange
6%
Loi arbitraire et expéditive caractéristique des régimes autoritaires que Napoléon a pu faire adopter grâce à la tentative d'attentatLoi de sûreté générale
6%
Type d'idéologie de Louis Napoléon Bonaparte (LNB) qui va rentrer en confrontation avec les mesures prises par l'AssembléePopulisme
6%
Etat qui surveille et contrôle la populationEtat policier
5%
Type de mesures que prennent les nouveaux députésLiberticide / Anti-républicaine
5%
Date du plébiscite pour demander si LNB doit devenir empereur (mois+année), dont la réponse est OUI à 97%novembre 1852
5%
Date de la déclaration de guerre à la Prusse (qui se résulte avec la défaite française et l'emprisonnement de Napoléon III) (jour + mois + année)19 juillet 1870
3%
Date du plébiscite pour demander si LNB doit rester au pouvoir (jour-jour+mois+année), dont la réponse est OUI à 92%20-21 décembre 1851
3%
Pouvoir réparti dans deux institutionsAssemblée législative / Président
3%
Pays dans lequel est lancé une expédition dans les années 60Mexique
3%
Qualificatif du régime qui doit se mettre en place avec cette modification, mais qui ne se mettra finalement jamais en placeparlementaire
3%
Genre de pouvoir que possède désormais LNBpouvoir personnel
3%
Ce qui augmente énormément de 1851 à 1869 (x4,5) permettant le développement économique du paysréseau ferroviaire / chemins de fer
3%
Changements qu'il opèredrapeau national / fête nationale / pièce / timbre
2%
Nom du dirigeant du parti des républicainsLéon Gambetta
2%
Allié de la France contre l'Autriche en 1858-9Royaume de Piemont-Sardaigne
2%
(Sur)Nom de LNB qu'il obtient en devenant empereur (4 mots et un chiffre)Son altesse Impériale Napoléon 3
2%
Date de la modification de la constitution suite à un plébiscite (avec 80% de oui) afin de donner plus de pouvoir au Parlement (jour + mois + année)8 mai 1870
0%
Mouvement politique qui cherche à constituer un Etat qui regroupe toute la nationMouvement national
0%

Distribution des résultats

Percentile par nombre de réponses

% des personnes avec chaque résultat

Votre développement - résultats

Vous n’avez pas pris ce quiz depuis la dernière actualisation